Artemis Fowl : Trò lừa bịp Opal
保存先:
| 第一著者: | |
|---|---|
| フォーマット: | 図書 |
| 言語: | Undetermined |
| 出版事項: |
Hà Nội
Văn hóa Thông tin
2006
|
| 主題: | |
| タグ: |
タグ追加
タグなし, このレコードへの初めてのタグを付けませんか!
|
| Thư viện lưu trữ: | Trung tâm Học liệu Trường Đại học Cần Thơ |
|---|
| LEADER | 00542nam a2200205Ia 4500 | ||
|---|---|---|---|
| 001 | CTU_123452 | ||
| 008 | 210402s9999 xx 000 0 und d | ||
| 020 | |c 56000 | ||
| 082 | |a 809.89 | ||
| 082 | |b C683 | ||
| 100 | |a Colfer, Eoin | ||
| 245 | 0 | |a Artemis Fowl : | |
| 245 | 0 | |b Trò lừa bịp Opal | |
| 245 | 0 | |c Eoin Colfer | |
| 260 | |a Hà Nội | ||
| 260 | |b Văn hóa Thông tin | ||
| 260 | |c 2006 | ||
| 650 | |a Children's literature, English | ||
| 904 | |i Nguyên | ||
| 980 | |a Trung tâm Học liệu Trường Đại học Cần Thơ | ||